Chemistry : A project of The American Chemical Society
Shranjeno v:
| Glavni avtor: | |
|---|---|
| Format: | Knjiga |
| Jezik: | Undetermined |
| Izdano: |
New York, N.Y.
W. H. Freeman
2004
|
| Teme: | |
| Oznake: |
Označite
Brez oznak, prvi označite!
|
| Thư viện lưu trữ: | Trung tâm Học liệu Trường Đại học Cần Thơ |
|---|
| LEADER | 00519nam a2200205Ia 4500 | ||
|---|---|---|---|
| 001 | CTU_104261 | ||
| 008 | 210402s9999 xx 000 0 und d | ||
| 020 | |c 79.42 | ||
| 082 | |a 540 | ||
| 082 | |b B433 | ||
| 100 | |a Bell, Jerry | ||
| 245 | 0 | |a Chemistry : | |
| 245 | 2 | |b A project of The American Chemical Society | |
| 245 | 0 | |c Jerry Bell | |
| 260 | |a New York, N.Y. | ||
| 260 | |b W. H. Freeman | ||
| 260 | |c 2004 | ||
| 650 | |a Chemistry | ||
| 904 | |i Minh | ||
| 980 | |a Trung tâm Học liệu Trường Đại học Cần Thơ | ||